Rethinking innovation : (Record no. 95165)

MARC details
000 -LEADER
fixed length control field 00647nam a22001937a 4500
005 - DATE AND TIME OF LATEST TRANSACTION
control field 20150810124332.0
010 ## - LCCN (DPL NO)
LC control number ENG-113591
020 ## - INTERNATIONAL STANDARD BOOK NUMBER
International Standard Book Number 9780415748186
Terms of availability 795.00
035 ## - SYSTEM CONTROL NUMBER
System control number EN-97123
037 ## - SOURCE OF ACQUISITION
Source of stock number/acquisition DBAD/PUB
082 ## - DEWEY DECIMAL CLASSIFICATION NUMBER
Classification number 658.514
245 ## - TITLE STATEMENT
Title Rethinking innovation :
Statement of responsibility, etc edited by Ram Subramanian...[et al]
Remainder of title global perspectives /
260 ## - PUBLICATION, DISTRIBUTION, ETC. (IMPRINT)
Place of publication, distribution, etc New Delhi
Name of publisher, distributor, etc Routledge
Date of publication, distribution, etc 2014
270 ## - ADDRESS
Address 912 Tolstoy House, 15-17 Tolstoy Marg, Connaught Place
City New Delhi
Postal code 110001
300 ## - PHYSICAL DESCRIPTION
Extent xvi,300p.
Dimensions 23cm(Hb)
500 ## - GENERAL NOTE
General note Includes bibliographical references and index
700 ## - ADDED ENTRY--PERSONAL NAME
Personal name Subramanian, Ram
942 ## - ADDED ENTRY ELEMENTS (KOHA)
Source of classification or shelving scheme Dewey Decimal Classification
Item type English Books
Call number suffix RET
Classification part 658.514
Holdings
Withdrawn status Lost status Not for loan Collection code Home library Current library Date acquired Source of acquisition Cost, normal purchase price Full call number Barcode Copy number Cost, replacement price Koha item type
    Not For Loan Non-fiction D.B.Act.Division D.B.Act.Division 22/07/2015 DBAD/PUB 795.00 658.514 RET EN-97123 1 795.00 English Books

© Delhi Public Library
Hit Counter
free hit counter